000 00250nam a2200109Ia 4500
008 190912s9999||||xx |||||||||||||| ||und||
100 _aRobert,Blitzer
245 0 _aCollage Algebra
260 _aAmerica
_bPrentice
_c2001
300 _a859
942 _cBK
999 _c7148
_d7148